[Event "Stuttgart-chA int"]
[Site "Gerlingen"]
[Date "2007.05.20"]
[Round "7"]
[White "Erben, Larissa"]
[Black "Haag, Patrick"]
[Result "0-1"]
[WhiteElo "1903"]
[BlackElo "1953"]
[PlyCount "54"]
[EventDate "2007.05.17"]
[EventType "swiss"]
[EventRounds "7"]
[EventCountry "GER"]
[SourceTitle "EXT 2018"]
[Source "ChessBase"]
[SourceDate "2017.10.13"]
[SourceVersion "1"]
[SourceVersionDate "2017.10.13"]
[SourceQuality "1"]

1. e4 c5 2. Nf3 d6 3. d4 cxd4 4. Nxd4 Nf6 5. Nc3 a6 6. Be2 e6 7. Be3 Qc7 8. f4 Nc6 9. 0-0 Be7 10. Kh1 0-0 11. g4 Re8 12. g5 Nd7 13. h4 b5 14. f5 Nde5 15. h5 b4 16. Na4 Nxd4 17. Bxd4 Qc6 18. Nc5 exf5 19. Kh2 Bxg5 20. exf5 dxc5 21. Bxe5 Rxe5 22. Bf3 Qc7 23. Kg2 Bb7 24. Qd3 Rd8 25. Qc4 Rd4 26. Qb3 Re3 27. Rae1 Rg4+ 0-1

[Event "Stuttgart-chA int"]
[Site "Gerlingen"]
[Date "2007.05.19"]
[Round "6"]
[White "Reichert, Manuel"]
[Black "Haag, Patrick"]
[Result "1-0"]
[WhiteElo "1810"]
[BlackElo "1953"]
[PlyCount "35"]
[EventDate "2007.05.17"]
[EventType "swiss"]
[EventRounds "7"]
[EventCountry "GER"]
[SourceTitle "EXT 2018"]
[Source "ChessBase"]
[SourceDate "2017.10.13"]
[SourceVersion "1"]
[SourceVersionDate "2017.10.13"]
[SourceQuality "1"]

1. d4 Nf6 2. c4 g6 3. Nc3 Bg7 4. e4 d6 5. f4 0-0 6. Nf3 c5 7. dxc5 dxc5 8. Bd3 Nc6 9. e5 Ne8 10. Be3 b6 11. Be4 Bb7 12. Qa4 Na5 13. Bxb7 Nxb7 14. Rd1 Qc8 15. Nd5 Qg4 16. Nxe7+ Kh8 17. 0-0 Nc7 18. Qd7 1-0

[Event "Wuerttemberg-ch U16"]
[Site "Friedrichshafen"]
[Date "2005.03.29"]
[Round "2"]
[White "Haag, Patrick"]
[Black "Zikeli, Saskia"]
[Result "1/2-1/2"]
[WhiteElo "1725"]
[BlackElo "1885"]
[PlyCount "57"]
[EventDate "2005.03.29"]
[EventType "swiss"]
[EventRounds "7"]
[EventCountry "GER"]
[SourceTitle "EXT 2007"]
[Source "ChessBase"]
[SourceDate "2006.11.23"]
[SourceVersion "1"]
[SourceVersionDate "2006.11.23"]
[SourceQuality "1"]

1. e4 c5 2. Nf3 Nc6 3. d4 cxd4 4. Nxd4 Nf6 5. Nc3 e5 6. Ndb5 d6 7. Bg5 a6 8. Na3 b5 9. Nd5 Qa5+ 10. Bd2 Qd8 11. Bg5 Be7 12. Bxf6 Bxf6 13. Bd3 Bg5 14. c3 Be6 15. Bb1 Ne7 16. Nxe7 Qxe7 17. Nc2 a5 18. 0-0 Rd8 19. Na3 Qb7 20. Bd3 b4 21. Qa4+ Bd7 22. Nb5 Qb6 23. c4 0-0 24. Qc2 Rc8 25. Qe2 Be6 26. b3 Rc5 27. Rad1 Bd7 28. Kh1 Rfc8 29. Kg1 1/2-1/2

[Event "Wuerttemberg-ch U14"]
[Site "Stuttgart"]
[Date "2003.04.26"]
[Round "7"]
[White "Haag, Patrick"]
[Black "Mueller, Tobias"]
[Result "1/2-1/2"]
[WhiteElo "1191"]
[BlackElo "1348"]
[PlyCount "25"]
[EventDate "2003.04.??"]
[EventType "swiss"]
[EventRounds "7"]
[EventCountry "GER"]
[SourceTitle "EXT 2005"]
[Source "ChessBase"]
[SourceDate "2004.11.15"]
[SourceVersion "1"]
[SourceVersionDate "2004.11.15"]
[SourceQuality "1"]

1. e4 e5 2. Nf3 Nc6 3. Bc4 d6 4. Nc3 Bg4 5. d4 exd4 6. Ng5 Bxd1 7. Bxf7+ Ke7 8. Nd5+ Kd7 9. Be6+ Ke8 10. Bf7+ Kd7 11. Be6+ Ke8 12. Bf7+ Kd7 13. Be6+ 1/2-1/2

[Event "Wuerttemberg-ch U14"]
[Site "Stuttgart"]
[Date "2003.04.24"]
[Round "5"]
[White "Lemke, Johannes"]
[Black "Haag, Patrick"]
[Result "1-0"]
[WhiteElo "1516"]
[BlackElo "1191"]
[PlyCount "53"]
[EventDate "2003.04.??"]
[EventType "swiss"]
[EventRounds "7"]
[EventCountry "GER"]
[SourceTitle "EXT 2005"]
[Source "ChessBase"]
[SourceDate "2004.11.15"]
[SourceVersion "1"]
[SourceVersionDate "2004.11.15"]
[SourceQuality "1"]

1. d4 Nf6 2. c4 e5 3. d5 Bc5 4. Nc3 0-0 5. Bg5 Bxf2+ 6. Kxf2 Ng4+ 7. Ke1 Qxg5 8. e4 Qe3+ 9. Qe2 Qxe2+ 10. Kxe2 d6 11. Nf3 f5 12. exf5 Bxf5 13. h3 Bd3+ 14. Kd2 Bxf1 15. Rhxf1 Nh6 16. Ng5 Nd7 17. Ne6 Rxf1 18. Rxf1 c6 19. Ne4 Nf8 20. Nxd6 cxd5 21. cxd5 b6 22. g4 g5 23. Ke3 a6 24. Ke4 Nd7 25. Nxg5 Kg7 26. Ne6+ Kg8 27. g5 1-0

[Event "Wuerttemberg-ch U14"]
[Site "Stuttgart"]
[Date "2003.04.22"]
[Round "1"]
[White "Haag, Patrick"]
[Black "Geshnizjani, Ramin Tobias"]
[Result "0-1"]
[WhiteElo "1191"]
[BlackElo "1466"]
[PlyCount "84"]
[EventDate "2003.04.??"]
[EventType "swiss"]
[EventRounds "7"]
[EventCountry "GER"]
[SourceTitle "EXT 2005"]
[Source "ChessBase"]
[SourceDate "2004.11.15"]
[SourceVersion "1"]
[SourceVersionDate "2004.11.15"]
[SourceQuality "1"]

1. e4 c5 2. Nf3 e6 3. d4 cxd4 4. Nxd4 a6 5. Nc3 Qc7 6. a3 Nf6 7. Be2 b5 8. Bf3 Bb7 9. 0-0 Nc6 10. Nxc6 Bxc6 11. Re1 d6 12. Bg5 Be7 13. Qd3 0-0 14. Rad1 Rfd8 15. Qe2 h6 16. Bf4 Qb7 17. Rd3 b4 18. axb4 Qxb4 19. b3 Nd7 20. Bd2 Qb7 21. Bf4 Nc5 22. Rd2 Bf6 23. Qe3 e5 24. Bg3 Bg5 25. Qe2 Bxd2 26. Qxd2 Rac8 27. Bh4 f6 28. Nd5 Bxd5 29. Qxd5+ Qxd5 30. exd5 g5 31. Bg3 f5 32. h3 f4 33. Bh2 e4 34. Bg4 Nd7 35. c4 Rb8 36. Rb1 Ne5 37. Bf5 Nxc4 38. Rc1 Rxb3 39. Bxe4 Re8 40. Bc2 Rc3 41. Kf1 Nd2+ 42. Kg1 Rxc2 0-1

[Event "BEM-ch U14"]
[Site "Vaihingen/Enz"]
[Date "2003.02.01"]
[Round "7"]
[White "Haag, Patrick"]
[Black "Lange, Jan David"]
[Result "1/2-1/2"]
[WhiteElo "1250"]
[BlackElo "1427"]
[PlyCount "154"]
[EventDate "2003.01.??"]
[EventType "swiss"]
[EventRounds "7"]
[EventCountry "GER"]
[SourceTitle "EXT 2005"]
[Source "ChessBase"]
[SourceDate "2004.11.15"]
[SourceVersion "1"]
[SourceVersionDate "2004.11.15"]
[SourceQuality "1"]

1. e4 e5 2. Nf3 Nf6 3. Nc3 Nc6 4. d4 exd4 5. Nxd4 Bb4 6. Nxc6 bxc6 7. Bd3 Qe7 8. Qe2 Bb7 9. Bd2 d5 10. exd5 Qxe2+ 11. Bxe2 cxd5 12. 0-0 0-0 13. a3 Bd6 14. Nb5 Ne4 15. Nxd6 cxd6 16. Bb4 Rac8 17. Rac1 Rc6 18. Rfd1 Rfc8 19. Bg4 Rf8 20. Bf5 Nf6 21. Bc3 Ne4 22. Bb4 Nf6 23. Bc3 Nh5 24. Rd4 g6 25. Bg4 Ng7 26. Rb4 Bc8 27. Bf3 Be6 28. Bd4 a6 29. Rb6 Rxb6 30. Bxb6 Rb8 31. Bd4 Nf5 32. Bc3 h5 33. Kf1 d4 34. Bb4 Bc4+ 35. Be2 Bxe2+ 36. Kxe2 Rb5 37. b3 a5 38. Bd2 Re5+ 39. Kf1 f6 40. Re1 Rc5 41. Rc1 Kf7 42. h3 g5 43. Ke2 Ke6 44. a4 Ke5 45. g3 Ne7 46. c3 Nc6 47. Ke1 d3 48. c4 d5 49. cxd5 Rxc1+ 50. Bxc1 Kxd5 51. Bb2 f5 52. Kd2 Ke4 53. Bf6 g4 54. hxg4 hxg4 55. Bg5 Nd4 56. Kc3 Ne2+ 57. Kd2 Nd4 58. Kc3 Ne2+ 59. Kd2 Nd4 60. Kc3 Ne6 61. Be3 Nc7 62. Kd2 Nd5 63. Bc5 f4 64. gxf4 Nxf4 65. Ba7 Nh3 66. Bb6 Nxf2 67. Bxf2 Kf3 68. Ba7 Ke4 69. Bb6 g3 70. Bxa5 Kd4 71. Bb6+ Ke4 72. a5 Kd5 73. Bg1 Kc6 74. Kxd3 g2 75. a6 Kc7 76. a7 Kb7 77. Kc4 Ka8 1/2-1/2